|
|
|
|
| LEADER |
00000nam a2200000 i 4500 |
| 001 |
102794 |
| 003 |
CZ-ZlUTB |
| 005 |
20210506104542.0 |
| 007 |
ta |
| 008 |
201208s2020 xr f 000 0 cze |
| 952 |
|
|
|0 0
|1 0
|4 0
|6 34BRODECJ
|7 0
|8 BOOK
|9 162048
|a UTBZL
|b UTBZL
|c 005
|d 2021-04-09
|l 0
|o 34/BRODEC,J.
|p 420010186868
|r 2021-04-09 00:00:00
|v 589.00
|w 2021-04-09
|x N: nákup;
|y 01
|
| 999 |
|
|
|c 102794
|d 102794
|
| 020 |
|
|
|a 978-80-7598-995-6
|q (brožováno)
|
| 040 |
|
|
|a BOA001
|b cze
|e rda
|
| 043 |
|
|
|a e-xr---
|
| 072 |
|
7 |
|a 341
|x Mezinárodní právo
|2 Konspekt
|9 16
|
| 080 |
|
|
|a 347.736
|2 MRF
|
| 080 |
|
|
|a 341.9
|2 MRF
|
| 080 |
|
|
|a 341:342
|2 MRF
|
| 080 |
|
|
|a 347.951
|2 MRF
|
| 080 |
|
|
|a (437.3)
|2 MRF
|
| 080 |
|
|
|a (048.8)
|2 MRF
|
| 100 |
1 |
|
|a Brodec, Jan
|7 vse20211101929
|4 aut
|
| 245 |
1 |
0 |
|a Insolvenční řízení v kontextu mezinárodního práva soukromého /
|c Jan Brodec
|
| 250 |
|
|
|a Vydání první
|
| 264 |
|
1 |
|a Praha :
|b Wolters Kluwer,
|c 2020
|
| 300 |
|
|
|a xv, 230 stran ;
|c 24 cm
|
| 336 |
|
|
|a text
|b txt
|2 rdacontent
|
| 337 |
|
|
|a bez média
|b n
|2 rdamedia
|
| 338 |
|
|
|a svazek
|b nc
|2 rdacarrier
|
| 490 |
1 |
|
|a Právní monografie
|
| 504 |
|
|
|a Obsahuje bibliografii a bibliografické odkazy
|
| 650 |
0 |
7 |
|a insolvenční řízení
|7 ph370262
|2 czenas
|
| 650 |
0 |
7 |
|a insolvenční řízení
|7 ph370262
|z Česko
|2 czenas
|
| 650 |
0 |
7 |
|a insolvenční řízení
|7 ph370262
|x mezinárodní kontext
|2 czenas
|
| 650 |
0 |
7 |
|a mezinárodní právo soukromé
|7 ph115285
|2 czenas
|
| 650 |
0 |
7 |
|a mezinárodní a vnitrostátní právo
|7 ph162026
|2 czenas
|
| 650 |
0 |
7 |
|a soudní rozhodnutí a stanoviska
|7 ph125859
|2 czenas
|
| 650 |
0 |
9 |
|a insolvency proceedings
|2 eczenas
|
| 650 |
0 |
9 |
|a insolvency proceedings
|z Czechia
|2 eczenas
|
| 650 |
0 |
9 |
|a insolvency proceedings
|x international context
|2 eczenas
|
| 650 |
0 |
9 |
|a private international law
|2 eczenas
|
| 650 |
0 |
9 |
|a international and municipal law
|2 eczenas
|
| 650 |
0 |
9 |
|a judgments
|2 eczenas
|
| 655 |
|
7 |
|a monografie
|7 fd132842
|2 czenas
|
| 655 |
|
9 |
|a monographs
|2 eczenas
|
| 830 |
|
0 |
|a Právní monografie (Wolters Kluwer ČR)
|
| 910 |
|
|
|a ZLD002
|
| 942 |
|
|
|2 udc
|
| 992 |
|
|
|a BK
|b SK
|